Kept out of reach (Record no. 81750)

MARC details
000 -LEADER
fixed length control field 01133cab a22002295a 4500
001 - CONTROL NUMBER
control field L148200
008 - FIXED-LENGTH DATA ELEMENTS--GENERAL INFORMATION
fixed length control field 090818e20090725xxkd f 000 0 eng d
035 ## - SYSTEM CONTROL NUMBER
System control number (Sirsi) u148200
041 0# - LANGUAGE CODE
Language code of text/sound track or separate title eng
100 1# - MAIN ENTRY--PERSONAL NAME
Personal name Crosby, Neil
245 00 - TITLE STATEMENT
Title Kept out of reach
260 ## - PUBLICATION, DISTRIBUTION, ETC.
Date of publication, distribution, etc. 2009
490 ## - SERIES STATEMENT
Series statement Estates Gazette
Volume/sequential designation (0929) 25 July 2009, 92-93 (2)
520 ## - SUMMARY, ETC.
Summary, etc. Reports on research undertaken by the University of Reading on the extent of dissemination of the Code for Leasing Business Premises in England and Wales 2007 . Finds that only a minority of small business tenants are aware of its existence and that it is rarely used for negotiation of new leases. Presents the Under-Secretary of State for Communities and Local Government's word of warning to the House of Commons on this subject.
590 ## - LOCAL NOTE (RLIN)
Local note KA
650 24 - SUBJECT ADDED ENTRY--TOPICAL TERM
Topical term or geographic name entry element CODE FOR LEASING BUSINESS PREMISES IN ENGLAND AND WALES 2007
650 24 - SUBJECT ADDED ENTRY--TOPICAL TERM
Topical term or geographic name entry element CODE FOR LEASING BUSINESS PREMISES IN ENGLAND AND WALES 2002
651 #4 - SUBJECT ADDED ENTRY--GEOGRAPHIC NAME
Geographic name England and Wales
Chronological subdivision 1543-
690 ## - LOCAL SUBJECT ADDED ENTRY--TOPICAL TERM (OCLC, RLIN)
Topical term or geographic name as entry element PROPERTY-COMMERCIAL PROPERTY-COMMERCIAL LANDLORD AND TENANT-COMMERCIAL LEASES
700 1# - ADDED ENTRY--PERSONAL NAME
Personal name Hughes, Cathy
942 ## - ADDED ENTRY ELEMENTS (KOHA)
Suppress in OPAC 0
Holdings
Withdrawn status Lost status Source of classification or shelving scheme Damaged status Not for loan Home library Current library Shelving location Date acquired Total Checkouts Full call number Barcode Date last seen Copy number Price effective from Koha item type
    Dewey Decimal Classification     London London Journal article 18/08/2009   L148200 148200-1001 06/08/2019 1 06/08/2019 Journal article